| 000 | 00574nam a2200193 i 4500 | ||
|---|---|---|---|
| 001 | 142343 | ||
| 003 | ES-MaACL | ||
| 005 | 20230906200511.0 | ||
| 007 | t| | ||
| 008 | 071004s1967 sp ||||1| cat d | ||
| 080 | _a821.134.1.09 | ||
| 100 | 1 |
_aVila Lusilla, Alberto. _9114726 |
|
| 245 | 1 | 0 |
_aCompendi de literatura catalana / _cAlberto Vila Lusilla. |
| 260 |
_aBarcelona : _bBruguera, _c[1967] |
||
| 300 |
_a2 v. ; _c18 cm. |
||
| 500 | _aSon los vol. 1º y 3º. | ||
| 650 | 4 |
_aLiteratura catalana- _xHistoria y crítica. _914515 |
|
| 852 |
_aES-MaACL _jP-1218 _bR.63977 |
||
| 999 |
_c142343 _d142343 |
||